[Event "Challenge"]
[Site "http://www.queenalice.com/game.php?id=785017"]
[Date "2010.6.3"]
[Round "-"]
[White "scaramouche"]
[Black "babycrocket"]
[Result "1-0"]
[WhiteElo "1851"]
[BlackElo "1746"]

1. d4 d5 2. e3 Nf6 3. Nf3 a6 4. Bd3 Bg4 5. h3 Bxf3 6. Qxf3 e6 7. O-O c5 8. dxc5
Nc6 9. a3 Bxc5 10. b4 Be7 11. Bb2 b5 12. Nd2 Qc7 13. Qe2 e5 14. c3 O-O 15. e4
Rac8 16. exd5 Nxd5 17. Bf5 Rcd8 18. Ne4 Nf4 19. Qg4 g6 20. Bc1 Kh8 21. g3 1-0

[Event "Let's Play Chess!"]
[Site "http://www.queenalice.com/game.php?id=785867"]
[Date "2010.6.7"]
[Round "-"]
[White "krambo1"]
[Black "babycrocket"]
[Result "1-0"]
[WhiteElo "1984"]
[BlackElo "1795"]

1. d4 d5 2. c4 e6 3. Nf3 Be7 4. Bf4 c6 5. e3 Nf6 6. Nc3 O-O 7. Bd3 Re8 8. O-O c5
9. cxd5 exd5 10. Rc1 Nc6 11. Bb1 cxd4 12. Nxd4 Bd6 13. Bg5 Re5 14. Nf3 Bg4 15.
Bh4 Rh5 16. Bxf6 Qxf6 17. Nxd5 Qh6 18. Nf4 Bxf4 19. exf4 Qxf4 20. Qd3 Bxf3 21.
g3 1-0

[Event "Challenge"]
[Site "http://www.queenalice.com/game.php?id=785982"]
[Date "2010.6.5"]
[Round "-"]
[White "ViniciusCastro"]
[Black "babycrocket"]
[Result "1/2-1/2"]
[WhiteElo "1788"]
[BlackElo "1813"]

1. d4 d5 2. c4 e6 3. Nc3 a6 4. Bf4 Nf6 5. e3 Be7 6. Nf3 O-O 7. cxd5 exd5 8. Bd3
Re8 9. Ne5 c5 10. O-O cxd4 11. exd4 Bd6 12. Re1 Nc6 13. Nxc6 bxc6 14. Bxd6 Rxe1+
15. Qxe1 Qxd6 16. Qe5 Qxe5 17. dxe5 Nd7 18. Re1 Nc5 19. Bc2 Be6 20. b4 Nd7 21.
Na4 a5 22. bxa5 Rxa5 23. f4 Nf8 24. Rc1 g6 25. Bb3 Ra6 26. Nc5 Rb6 27. Na4 Ra6
28. Nc5 Rb6 29. Na4 Ra6 1/2-1/2

[Event "Challenge"]
[Site "http://www.queenalice.com/game.php?id=786536"]
[Date "2010.6.6"]
[Round "-"]
[White "uschmidi"]
[Black "babycrocket"]
[Result "1-0"]
[WhiteElo "1926"]
[BlackElo "1701"]

1. e4 e5 2. Nf3 Nc6 3. Bc4 Be7 4. Nc3 Nf6 5. d4 exd4 6. Nxd4 Ne5 7. Bb3 O-O 8.
O-O d6 9. Be3 Re8 10. h3 g6 11. Qe2 Bd7 12. f4 Nc6 13. Rad1 Nh5 14. Qf3 Bh4 15.
Bf2 Bxf2+ 16. Qxf2 Nxd4 17. Rxd4 b5 18. e5 c5 19. Rxd6 c4 20. Rfd1 cxb3 21. Rxd7
Qa5 22. cxb3 b4 23. Nd5 1-0

[Event "Challenge"]
[Site "http://www.queenalice.com/game.php?id=786538"]
[Date "2010.6.6"]
[Round "-"]
[White "Dadcol"]
[Black "babycrocket"]
[Result "0-1"]
[WhiteElo "1883"]
[BlackElo "1753"]

1. d4 d5 2. c4 e6 3. Nc3 a6 4. a4 h6 5. Nf3 Nf6 6. Bf4 c5 7. e3 Nc6 8. cxd5 exd5
9. Be2 Be6 10. O-O Qb6 11. b3 Be7 12. Ne5 cxd4 13. exd4 Nxd4 14. Be3 Bc5 15. Rb1
Nxe2+ 16. Nxe2 Bxe3 0-1

[Event "Challenge"]
[Site "http://www.queenalice.com/game.php?id=786539"]
[Date "2010.6.6"]
[Round "-"]
[White "spacey"]
[Black "babycrocket"]
[Result "1-0"]
[WhiteElo "1872"]
[BlackElo "1813"]

1. e4 e5 2. f4 exf4 3. Nf3 d6 4. Bc4 Qe7 5. d3 g5 6. h4 g4 7. Ng5 Nh6 8. Bxf4 f6
9. O-O fxg5 10. Bxg5 Qe5 11. d4 Qxe4 12. Re1 1-0

[Event "Challenge"]
[Site "http://www.queenalice.com/game.php?id=786542"]
[Date "2010.6.6"]
[Round "-"]
[White "charles31"]
[Black "babycrocket"]
[Result "0-1"]
[WhiteElo "1665"]
[BlackElo "1774"]

1. e4 e5 2. Nf3 Nc6 3. Bc4 Be7 4. Nc3 Nf6 5. d4 exd4 6. Nxd4 Ne5 7. Bb3 O-O 8.
f4 Ng6 9. f5 Ne5 10. Bf4 d6 11. h3 c5 12. Nf3 Nxf3+ 13. gxf3 a6 14. Qd2 Re8 15.
O-O-O d5 16. e5 Nh5 17. f6 gxf6 18. Bh6 c4 19. Ba4 b5 20. Rhg1+ Kh8 21. Qxd5
Qxd5 22. Nxd5 Bc5 23. Nxf6 Bxg1 24. Rxg1 Nxf6 25. Bg7+ Kg8 26. Bxf6+ Kf8 27. c3
bxa4 28. a3 Bxh3 29. Rg7 Bf5 30. f4 Rab8 31. Rg5 Be4 32. Bg7+ Ke7 33. Bf6+ Ke6
34. Kd2 Rxb2+ 35. Ke3 Bf5 36. Rg3 Rc8 37. Kd4 Rb3 0-1

[Event "Challenge"]
[Site "http://www.queenalice.com/game.php?id=786543"]
[Date "2010.6.6"]
[Round "-"]
[White "babycrocket"]
[Black "johnrbrown"]
[Result "0-1"]
[WhiteElo "1512"]
[BlackElo "1968"]

1. e4 e5 2. Nf3 Nc6 3. d3 Nf6 4. Be2 Bc5 5. h3 d5 6. Nbd2 d4 7. c3 dxc3 8. bxc3
O-O 9. Nf1 Bd7 10. Ng3 Qc8 11. d4 exd4 12. cxd4 Bb4+ 13. Bd2 Bxd2+ 14. Qxd2 Re8
15. e5 Nd5 16. Kf1 Nce7 0-1

[Event "Challenge"]
[Site "http://www.queenalice.com/game.php?id=786544"]
[Date "2010.6.6"]
[Round "-"]
[White "Marcelo_Araujo"]
[Black "babycrocket"]
[Result "1-0"]
[WhiteElo "1781"]
[BlackElo "1617"]

1. e4 e5 2. Nf3 Nc6 3. Bc4 Be7 4. O-O d6 5. Re1 Bg4 6. h3 Bd7 7. d3 h6 8. Nc3
Nf6 9. a3 O-O 10. b4 a5 11. Bb2 Re8 12. bxa5 Nxa5 13. Ba2 c6 14. Ne2 b5 15. c4
bxc4 16. Bxc4 Nxc4 17. dxc4 Nxe4 18. Nc3 Nxf2 19. Qb3 Nd3 20. Reb1 Qc8 21. Ne1
1-0

[Event "Let's Play Chess!"]
[Site "http://www.queenalice.com/game.php?id=786923"]
[Date "2010.6.7"]
[Round "-"]
[White "babycrocket"]
[Black "APSHOOTER"]
[Result "0-1"]
[WhiteElo "1847"]
[BlackElo "1761"]

1. e4 d5 2. exd5 Qxd5 3. Nf3 Bg4 4. Be2 Nc6 5. Nc3 Qd7 6. O-O a6 7. d3 h6 8. Be3
e5 9. Ne4 Nf6 10. Nxf6+ gxf6 11. Re1 Bd6 12. Nd2 Bxe2 13. Rxe2 f5 14. Nc4 f4 15.
Bxf4 O-O-O 16. Bd2 Rhg8 17. Bxh6 Qh3 18. Ne3 e4 19. g3 exd3 20. cxd3 Qxh6 21. d4
Nxd4 22. Qxd4 Bxg3 23. Qxd8+ Kxd8 24. fxg3 Qb6 25. Rc1 Re8 26. Rc3 f5 27. Kf1
Qb5 28. Ke1 Qa5 29. a3 Re4 30. Kd1 Qb5 31. Rd2+ Kc8 32. Rcd3 c6 33. Kc1 Qc5+ 34.
Rc2 Qe5 35. Nc4 Re1+ 36. Rd1 Rxd1+ 37. Kxd1 Qd4+ 38. Ke2 b5 39. Ne3 c5 40. h3 c4
41. Nxf5 Qd3+ 0-1

[Event "Let's Play Chess!"]
[Site "http://www.queenalice.com/game.php?id=786925"]
[Date "2010.6.7"]
[Round "-"]
[White "babycrocket"]
[Black "Trevorking"]
[Result "0-1"]
[WhiteElo "1656"]
[BlackElo "1637"]

1. d4 e6 2. c4 f5 3. Nc3 Nf6 4. Nf3 d5 5. Bf4 c6 6. e3 Be7 7. Bd3 O-O 8. Qb3 Ne4
9. O-O Kh8 10. Rad1 Nd7 11. Nd2 Nxd2 12. Rxd2 g5 13. Be5+ Nxe5 14. dxe5 Qe8 15.
Rfd1 f4 16. cxd5 exd5 17. exf4 gxf4 18. Be2 Rf5 19. e6 Re5 20. Bg4 Bxe6 21. Bxe6
Rxe6 22. Qxb7 Rb8 0-1

[Event "Let's Play Chess!"]
[Site "http://www.queenalice.com/game.php?id=786926"]
[Date "2010.6.7"]
[Round "-"]
[White "spawnwolfwolverine"]
[Black "babycrocket"]
[Result "1-0"]
[WhiteElo "1690"]
[BlackElo "1718"]

1. c4 e6 2. d3 d5 3. cxd5 exd5 4. e3 Nf6 5. g3 c5 6. Bg2 Nc6 7. Nc3 Bg4 8. Nge2
Ne5 9. O-O a6 10. a3 Qd7 11. d4 c4 12. b3 Nd3 13. f3 Be6 14. Nf4 Nxf4 15. exf4
Bd6 16. g4 Qc7 17. f5 Bd7 18. Bg5 O-O-O 19. f4 Bc6 20. Bxf6 gxf6 21. Nxd5 Bxd5
22. Bxd5 Bxf4 23. bxc4 Bxh2+ 24. Kf2 Qg3+ 25. Ke2 Qxg4+ 26. Ke3 Rhe8+ 27. Kd3
1-0

[Event "Challenge"]
[Site "http://www.queenalice.com/game.php?id=788979"]
[Date "2010.6.12"]
[Round "-"]
[White "roda"]
[Black "babycrocket"]
[Result "1-0"]
[WhiteElo "1976"]
[BlackElo "1753"]

1. c4 e6 2. d4 d5 3. c5 Be7 4. Nc3 Nf6 5. Nf3 O-O 6. Ne5 Nbd7 7. Nxd7 Bxd7 8. e3
a5 9. Bd3 c6 10. h3 Re8 11. Qc2 b6 12. e4 dxe4 13. Nxe4 1-0

[Event "Challenge"]
[Site "http://www.queenalice.com/game.php?id=788981"]
[Date "2010.6.12"]
[Round "-"]
[White "brancao"]
[Black "babycrocket"]
[Result "1-0"]
[WhiteElo "1791"]
[BlackElo "1787"]

1. e4 e5 2. Nf3 Nc6 3. Bc4 Be7 4. d4 exd4 5. Nxd4 Ne5 6. Qe2 Nf6 7. Nc3 d6 8.
Nf5 O-O 9. Bg5 Re8 10. Nxe7+ Qxe7 11. Nd5 Nxd5 12. Bxe7 Nf4 13. Qf1 Rxe7 14. Bb3
Be6 15. Bxe6 Rxe6 16. O-O-O Rd8 17. Qb5 1-0

[Event "Challenge"]
[Site "http://www.queenalice.com/game.php?id=788982"]
[Date "2010.6.12"]
[Round "-"]
[White "amarkin"]
[Black "babycrocket"]
[Result "1-0"]
[WhiteElo "2052"]
[BlackElo "1829"]

1. c4 e6 2. Nf3 d5 3. g3 Nf6 4. Bg2 Bd6 5. d4 c5 6. cxd5 Nxd5 7. O-O Nd7 8. e4
Nc7 9. a4 O-O 10. Nc3 Re8 11. Re1 cxd4 12. Nxd4 Rb8 13. Be3 e5 14. Nf5 Bb4 15.
Qg4 Ne6 16. Red1 Qf6 17. Nd5 Qg6 18. Qh4 1-0

[Event "Let's Play Chess!"]
[Site "http://www.queenalice.com/game.php?id=789002"]
[Date "2010.6.12"]
[Round "-"]
[White "michas"]
[Black "babycrocket"]
[Result "1-0"]
[WhiteElo "1798"]
[BlackElo "1656"]

1. e3 d5 2. b4 e6 3. a3 Nf6 4. Bb2 Be7 5. Nf3 O-O 6. c4 b6 7. Nc3 Nbd7 8. d4 Bb7
9. Be2 dxc4 10. Bxc4 Ne4 11. Nxe4 Bxe4 12. O-O Nf6 13. Rc1 1-0

[Event "Let's Play Chess!"]
[Site "http://www.queenalice.com/game.php?id=789004"]
[Date "2010.6.12"]
[Round "-"]
[White "babycrocket"]
[Black "michas"]
[Result "0-1"]
[WhiteElo "1646"]
[BlackElo "1808"]

1. e4 a6 2. Nf3 b5 3. Nc3 Bb7 4. d3 c5 5. a4 b4 6. Ne2 Nf6 7. Ng3 e6 8. c3 bxc3
9. bxc3 Nc6 10. Qc2 Be7 11. Be2 O-O 12. Bd2 Qc7 13. O-O d5 0-1

[Event "Let's Play Chess!"]
[Site "http://www.queenalice.com/game.php?id=789387"]
[Date "2010.6.13"]
[Round "-"]
[White "babycrocket"]
[Black "Killersugus"]
[Result "0-1"]
[WhiteElo "1679"]
[BlackElo "2014"]

1. e4 e6 2. d4 d5 3. e5 c5 4. c3 Qb6 5. Nf3 Bd7 6. a3 a5 7. dxc5 Bxc5 8. Qc2 Ne7
9. Bd3 h6 10. O-O Nbc6 11. Nbd2 O-O 12. Nb3 Rfc8 13. Nxc5 Qxc5 0-1

[Event "Let's Play Chess!"]
[Site "http://www.queenalice.com/game.php?id=789388"]
[Date "2010.6.13"]
[Round "-"]
[White "Killersugus"]
[Black "babycrocket"]
[Result "1-0"]
[WhiteElo "2017"]
[BlackElo "1676"]

1. d4 d5 2. c4 e6 3. Nf3 Be7 4. Nc3 Nf6 5. Bf4 a6 6. e3 O-O 7. a3 c5 8. Qc2 Nh5
9. Bg3 Nxg3 10. hxg3 g6 11. cxd5 exd5 12. Rd1 Be6 13. Be2 1-0

[Event "Challenge"]
[Site "http://www.queenalice.com/game.php?id=791138"]
[Date "2010.6.16"]
[Round "-"]
[White "flvsnts"]
[Black "babycrocket"]
[Result "1-0"]
[WhiteElo "1857"]
[BlackElo "1491"]

1. e4 e5 2. Nf3 Nc6 3. Bc4 Be7 4. d3 Nf6 5. Nc3 O-O 6. Ng5 Nd4 7. Nxf7 Rxf7 8.
Bxf7+ Kxf7 9. Nd5 d6 10. Nxf6 Bxf6 11. c3 Ne6 12. Be3 Kg8 13. d4 1-0